| 000 | 00567nam a2200157Ia 4500 | ||
|---|---|---|---|
| 008 | 230718s9999 xx 000 0 und d | ||
| 041 | _aeng | ||
| 082 |
_a658.8'3 _bKAD |
||
| 100 |
_aKaden R.J. _9174551 |
||
| 245 |
_aMore Guerrilla Marketing Research: _bAsking The Right People, The Right Questions, The Right Way And Effectively Using The Answers To Make More Money |
||
| 260 |
_c2010 _bKogan Page |
||
| 300 | _a349 | ||
| 365 |
_cRs. _b495.00 |
||
| 700 |
_aKaden R.J., Linda G. & Levinson J.C. _9191613 |
||
| 906 |
_dO:0118519-Oct-2010B:558529-Sep-2010 _cMGMT _b123.75 |
||
| 999 |
_c326059 _d326059 |
||